<?xml version="1.0" encoding="UTF-8"?>
<record
    xmlns:xsi="http://www.w3.org/2001/XMLSchema-instance"
    xsi:schemaLocation="http://www.loc.gov/MARC21/slim http://www.loc.gov/standards/marcxml/schema/MARC21slim.xsd"
    xmlns="http://www.loc.gov/MARC21/slim">

  <leader>     nam a22     7a 4500</leader>
  <datafield tag="999" ind1=" " ind2=" ">
    <subfield code="c">44122</subfield>
    <subfield code="d">44122</subfield>
  </datafield>
  <controlfield tag="003">OSt</controlfield>
  <controlfield tag="005">20180503115337.0</controlfield>
  <controlfield tag="008">180503b        xxu||||| |||| 00| 0 eng d</controlfield>
  <datafield tag="040" ind1=" " ind2=" ">
    <subfield code="c">IIMT UNIVERSITY,MEERUT</subfield>
  </datafield>
  <datafield tag="100" ind1=" " ind2=" ">
    <subfield code="a">PAULSON</subfield>
  </datafield>
  <datafield tag="245" ind1=" " ind2=" ">
    <subfield code="a">COMPUTER APPLICATION IN ENGINEERING CONSTRUCTION</subfield>
  </datafield>
  <datafield tag="260" ind1=" " ind2=" ">
    <subfield code="b">TMH</subfield>
    <subfield code="c">2014</subfield>
  </datafield>
  <datafield tag="300" ind1=" " ind2=" ">
    <subfield code="b">1ST ED.</subfield>
  </datafield>
  <datafield tag="760" ind1=" " ind2=" ">
    <subfield code="b">1ST ED.</subfield>
  </datafield>
  <datafield tag="856" ind1=" " ind2=" ">
    <subfield code="3">PAPERBACK</subfield>
  </datafield>
  <datafield tag="942" ind1=" " ind2=" ">
    <subfield code="2">ddc</subfield>
    <subfield code="c">01</subfield>
    <subfield code="e">1ST</subfield>
    <subfield code="h">TITLE</subfield>
  </datafield>
  <datafield tag="952" ind1=" " ind2=" ">
    <subfield code="0">0</subfield>
    <subfield code="1">0</subfield>
    <subfield code="2">ddc</subfield>
    <subfield code="3">PAPER BACK</subfield>
    <subfield code="4">0</subfield>
    <subfield code="7">0</subfield>
    <subfield code="a">24</subfield>
    <subfield code="b">24</subfield>
    <subfield code="d">2018-05-03</subfield>
    <subfield code="e">TRANSFER UNIVERSITY LIBRARY</subfield>
    <subfield code="f">ARCHITECTU</subfield>
    <subfield code="g">200.00</subfield>
    <subfield code="i">TRANSFER UNIVERSITY LIBRARY</subfield>
    <subfield code="l">0</subfield>
    <subfield code="o">004.125PAU</subfield>
    <subfield code="p">24-B-301</subfield>
    <subfield code="r">2018-05-03</subfield>
    <subfield code="t">R</subfield>
    <subfield code="u">ARCHITECTURE</subfield>
    <subfield code="v">200.00</subfield>
    <subfield code="w">2018-04-30</subfield>
    <subfield code="y">01</subfield>
    <subfield code="z">COMPUTERS</subfield>
  </datafield>
</record>
